Atlas de odontología restauradora y periodoncia : (Registro nro. 1785)
[ vista simple ]
| 000 -CABECERA | |
|---|---|
| campo de control de longitud fija | 02683nam a2200277Ia 4500 |
| 003 - IDENTIFICADOR DEL NÚMERO DE CONTROL | |
| campo de control | AR-RoIUNI |
| 005 - FECHA Y HORA DE LA ÚLTIMA TRANSACCIÓN | |
| campo de control | 20241122062915.0 |
| 008 - DATOS DE LONGITUD FIJA--INFORMACIÓN GENERAL | |
| campo de control de longitud fija | 150616s9999 xx 000 0 und d |
| 020 ## - NÚMERO INTERNACIONAL ESTÁNDAR DEL LIBRO | |
| Número Internacional Estándar del Libro | 9500618702 |
| 020 ## - NÚMERO INTERNACIONAL ESTÁNDAR DEL LIBRO | |
| Número Internacional Estándar del Libro | 8479037520 |
| 040 ## - FUENTE DE LA CATALOGACIÓN | |
| Centro/agencia transcriptor | AR-RoIUNI |
| 040 ## - FUENTE DE LA CATALOGACIÓN | |
| Centro/agencia modificador | OCLC |
| Centro/agencia transcriptor | AR-RoIUNI |
| 080 ## - NÚMERO DE LA CLASIFICACIÓN DECIMAL UNIVERSAL | |
| Número de la Clasificación Decimal Universal | 616.311.2-08(084.42) ROS |
| 100 1# - ENTRADA PRINCIPAL--NOMBRE DE PERSONA | |
| Nombre de persona | Rossi, Guillermo Horacio. |
| 245 10 - MENCIÓN DE TÍTULO | |
| Título | Atlas de odontología restauradora y periodoncia : |
| Resto del título | workshop de cirugía periodontal para el práctico general / |
| Mención de responsabilidad, etc. | Guillermo Horacio Rossi, Nélida Elena Cuniberti de Rossi. |
| 260 ## - PUBLICACIÓN, DISTRIBUCIÓN, ETC. (PIE DE IMPRENTA) | |
| Lugar de publicación, distribución, etc. | Buenos Aires : |
| Nombre del editor, distribuidor, etc. | Médica Panamericana, |
| Fecha de publicación, distribución, etc. | c2004. |
| 300 ## - DESCRIPCIÓN FÍSICA | |
| Extensión | XVI, 627 p. : |
| Otras características físicas | il. |
| Dimensiones | 28 cm. + |
| Material acompañante/anejo | 1 CD-ROM |
| 505 0# - NOTA DE CONTENIDO CON FORMATO | |
| Nota de contenido con formato | Sección I: Atlas de odontología restauradora y periodoncia: Introducción ; Capítulo 1: La odontología restauradora como factor de riesgo de las enfermedades gingivoperiodontales. ; Capítulo 2: La odontología restauradora y su rol en el tratamiento periodontal. ; Capítulo 3: Odontología restauradora incorrecta. Claves para mejorarla. ; Capítulo 4: Relación de contacto y su implicancia en la etiología de la enfermedad periodontal. ; Capítulo 5: Prótesis removible como factor de riesgo en la enfermedad periodontal. ; Capítulo 6: Estética en odontología restauradora y periodoncia. ; Capítulo 7: Cirugía periodontal con finalidad protésica. ; Capítulo 8: Cirugía periodontal y estética. ; Capítulo 9: Por qué se retrae el margen gingival de las restauraciones. -- Sección II: Workshop de cirugía periodontal con finalidad protésica: Introducción ; Capítulo 10: Cirugía periodontal. ; Capítulo 11: Mecanismos de curación en periodoncia ; Capítulo 12: Gingivectomía. ; Capítulo 13: Colgajos. ; Capítulo 14: Suturas. ; Capítulo 15: Epílogo |
| 520 3# - SUMARIO, ETC. | |
| Sumario, etc. | Representa una guía para que el especialista pueda realizar la odontología restauradora en forma ideal, sin provocar lesión periodontal alguna y conservando la salud de los tejidos gingivales y periodontales a largo plazo. Enseña las distintas situaciones en que la odontología restauradora puede actuar como factor de riesgo -favoreciendo la retención de placa bacteriana- en la etiología de la enfermedad gingivoperiodontal. Muestra numerosos casos clínicos con soluciones realistas en un cómodo formato de atlas para identificar los problemas protésicos-periodontales, siempre basados en un trabajo en equipo o una atención integral que parte del odontólogo general |
| 650 #0 - PUNTO DE ACCESO ADICIONAL DE MATERIA--TÉRMINO DE MATERIA | |
| Término de materia o nombre geográfico como elemento inicial | Odontología |
| 9 (RLIN) | 546 |
| 650 #4 - PUNTO DE ACCESO ADICIONAL DE MATERIA--TÉRMINO DE MATERIA | |
| Término de materia o nombre geográfico como elemento inicial | PERIODONCIA |
| Subdivisión de forma | ATLAS |
| Subdivisión general | CIRUGÍA |
| 650 #4 - PUNTO DE ACCESO ADICIONAL DE MATERIA--TÉRMINO DE MATERIA | |
| Término de materia o nombre geográfico como elemento inicial | ODONTOLOGÍA RESTAURADORA |
| Subdivisión de forma | ATLAS |
| 650 #4 - PUNTO DE ACCESO ADICIONAL DE MATERIA--TÉRMINO DE MATERIA | |
| Término de materia o nombre geográfico como elemento inicial | ESTÉTICA DENTAL |
| 700 1# - PUNTO DE ACCESO ADICIONAL--NOMBRE DE PERSONA | |
| Código de función/relación | Cuniberti de Rossi, Nélida Elena. |
| 9 (RLIN) | 1 |
| 942 ## - ELEMENTOS DE PUNTO DE ACCESO ADICIONAL (KOHA) | |
| Tipo de ítem Koha | Libros |
| Fuente del sistema de clasificación o colocación | Dewey Decimal Classification |
| Estado de retiro | Estado de pérdida | Fuente del sistema de clasificación o colocación | Estado dañado | Excepción de préstamo | Código de colección | Localización permanente | Ubicación/localización actual | Ubicación en estantería | Fecha de adquisición | Número de inventario | Total de préstamos | Signatura topográfica completa | Código de barras | Fecha visto por última vez | Número de copia | Precio válido a partir de | Tipo de ítem Koha | Fecha del último préstamo |
|---|---|---|---|---|---|---|---|---|---|---|---|---|---|---|---|---|---|---|
| Dewey Decimal Classification | Odontología | BIBLIOTECA RIOBAMBA | BIBLIOTECA RIOBAMBA | BIBLIOTECA RIOBAMBA | 16/06/2015 | 1786 | 616.311.2-08(084.42) ROS | 1786 | 16/06/2015 | 1 | 16/06/2015 | Libros | ||||||
| Clasificación Decimal Universal | DEPOSITO Biblioteca Riobamba | DEPOSITO Biblioteca Riobamba | BIBLIOTECA RIOBAMBA | 22/07/2016 | 3554 | 2 | 616.311.2-08(084.42) ROS | 3554 | 29/09/2025 | 2 | 03/11/2016 | Libros | 23/09/2025 |

